000
00246nam a22001097a 4500
008
230629b xxu||||| |||| 00| 0 eng d
082
_a
338.9
_b
KEN
245
_a
Development Plan 1994-1996
260
_b
GOK
300
_a
XXXI,290p
942
_2
ddc
_c
BK
999
_c
3017
_d
3017